Literatura española : españa y su creación literaria /
Guardado en:
| Autor Principal: | |
|---|---|
| Otros Autores: | |
| Formato: | Libro |
| Publicado: |
Buenos Aires :
Gram,
1995
|
| Materias: | |
| Etiquetas: |
Agregar Etiqueta
Sin Etiquetas, Sea el primero en etiquetar este registro!
|
| LEADER | 00907nam a22002175a 4500 | ||
|---|---|---|---|
| 001 | CEM.cems008988 | ||
| 005 | 20090918121852.0 | ||
| 008 | 130507s1995##################000#0#####d | ||
| 003 | CEMS | ||
| 020 | |a 9504342620 | ||
| 082 | 0 | 4 | |a 860.9 |
| 100 | 1 | |a Battagliotti, Graciela | |
| 245 | 1 | 0 | |a Literatura española : |b españa y su creación literaria / |c Graciela M. Battagliotti, Martha B. Pereyra de Webe |
| 260 | |a Buenos Aires : |b Gram, |c 1995 | ||
| 300 | |a 348 p. | ||
| 505 | 0 | |a La Edad Media -- El siglo XV -- El Renacimiento -- El Barroco -- El Neoclasicismo -- El Romanticismo -- El Realismo -- La Generación del 98 -- La Generación de 1927 -- Literatura española actual | |
| 653 | |a Literatura | ||
| 653 | |a Literatura española | ||
| 700 | 1 | |a Pereyra de Webe, Martha B. | |
| 859 | |a CEMS |b BIB. CEMS - 11 de abril |h 860.9 |i B321 |p 14292.86 |t Ej.1 | ||
| 859 | |a CEMS |b BIB. CEMS - 11 de abril |h 860.9 |i B321 |p 18619.95 |t Ej.2 | ||
